LOGISTICS MANAGEMENT (Record no. 29396)

MARC details
000 -LEADER
fixed length control field 00343nam a22001577a 4500
003 - CONTROL NUMBER IDENTIFIER
control field SGT
020 ## - INTERNATIONAL STANDARD BOOK NUMBER
International Standard Book Number 978-81-317-6862-4
082 ## - DEWEY DECIMAL CLASSIFICATION NUMBER
Classification number 658.7
Item number SOP
100 ## - MAIN ENTRY--PERSONAL NAME
Personal name SOPLE, V.V.
245 ## - TITLE STATEMENT
Title LOGISTICS MANAGEMENT
250 ## - EDITION STATEMENT
Edition statement 3RD
260 ## - PUBLICATION, DISTRIBUTION, ETC. (IMPRINT)
Place of publication, distribution, etc INDIA
Name of publisher, distributor, etc PEARSON PUB.
Year of Publication 2024
300 ## - PAGE DESCRIPTION
No. of Pages 537
650 ## - SUBJECT ADDED ENTRY--TOPICAL TERM
Topical term or geographic name as entry element LOGISTICS MANAGEMENT
942 ## - ADDED ENTRY ELEMENTS (KOHA)
Source of classification or shelving scheme Dewey Decimal Classification
Koha item type Books
Holdings
Withdrawn status Lost status Source of classification or shelving scheme Damaged status Not for loan Collection code Home library Current library Shelving location Date acquired Vendor Name Cost, normal purchase price SGTU Bill Number Full call number Accession No. (Barcode) Date last seen Bill Date Koha item type Total Checkouts
    Dewey Decimal Classification   Not For Loan COMMERCE MANAGEMENT SGT Science & Social Sciences Library SGT Science & Social Sciences Library Reference Book 27/01/2025 SAVERA BOOK DISTRIBUTORS 750.00 SGTU 24-25/CRB/763 658.7 SOP CM7213 27/01/2025   Books  
    Dewey Decimal Classification     COMMERCE MANAGEMENT SGT Science & Social Sciences Library SGT Science & Social Sciences Library Text Book 27/01/2025 SAVERA BOOK DISTRIBUTORS 750.00 SGTU 24-25/CRB/763 658.7 SOP CM7214 27/01/2025   Books  
    Dewey Decimal Classification     COMMERCE MANAGEMENT SGT Science & Social Sciences Library SGT Science & Social Sciences Library Text Book 27/01/2025 SAVERA BOOK DISTRIBUTORS   SGTU 24-25/CRB/763 658.7 SOP CM7215 27/01/2025   Books  
    Dewey Decimal Classification     COMMERCE MANAGEMENT SGT Science & Social Sciences Library SGT Science & Social Sciences Library Text Book 27/01/2025 SAVERA BOOK DISTRIBUTORS   SGTU 24-25/CRB/763 658.7 SOP CM7216 27/01/2025   Books  
    Dewey Decimal Classification     COMMERCE MANAGEMENT SGT Science & Social Sciences Library SGT Science & Social Sciences Library Text Book 27/01/2025 SAVERA BOOK DISTRIBUTORS   SGTU 24-25/CRB/763 658.7 SOP CM7217 27/01/2025   Books